[Event "Timbues Open 2019"]
[Site "Timbues-Santa Fe"]
[Date "2019.11.16"]
[Round "1.1"]
[White "Rodriguez Garcia, Ricardo Jose"]
[Black "Mareco, Sandro"]
[Result "0-1"]
[WhiteElo "2148"]
[BlackElo "2637"]
[Annotator "TA"]
[PlyCount "70"]
[EventDate "2019.11.16"]
[EventCountry "ARG"]
[SourceTitle "playchess.com"]
[Source "ChessBase"]
[SourceQuality "1"]

{[%evp 13,70,29,34,10,20,33,18,12,12,23,27,25,28,16,16,24,18,14,24,10,32,-9,20,-33,-23,-20,-9,-48,-3,-38,-38,-147,-141,-139,-72,-99,-41,-193,-210,-192,-179,-201,-192,-200,-170,-181,-90,-107,-153,-452,-456,-439,-455,-440,-431,-437,-430,-883,-875]} 1. e4 c5 2. Nf3 e6 3. d4 cxd4 4. Nxd4 Nc6 5. Nb5 d6 6. c4 a6 7. N5c3 Nf6 8. Bf4 {B44: Sicilian: Taimanov: 5 Nb5} b6 9. Be2 Bb7 10. O-O {The position is equal.} Be7 11. Re1 O-O 12. Nd2 (12. Bf1 Rc8 13. Nd2 Nd7 14. Rc1 Nce5 15. Bg3 Bh4 16. Bxh4 Qxh4 17. g3 Qe7 18. f4 Ng6 19. Nf3 Nf6 20. Qd2 Rfd8 {0-1 (65) Jumabayev,R (2594)-Adhiban,B (2671) Hamedan 2018}) 12... Rc8 13. a3 Ne5 14. Rc1 Nfd7 15. Be3 g5 $146 ({Predecessor:} 15... Ng6 16. Rf1 Bf6 17. Ndb1 Qc7 18. b4 Nge5 19. Nd2 {½-½ (57) Tatai,S (2465)-Kirov,N (2485) Rome 1976}) 16. b4 Kh8 17. Bf1 Rg8 18. Bd4 (18. f3 $11) 18... Bf6 19. Qb3 g4 20. Kh1 Nc6 21. Bxf6+ Qxf6 22. Ne2 ({Better is} 22. Nd1 $15) 22... Qxf2 $17 23. Rcd1 Nf6 (23... Nce5 $142 24. Ng3 Rg5) 24. Ng3 h5 ({Black should try} 24... Ne5 $17 {Strongly threatening ...h5.} 25. Be2 Qf4) 25. Qe3 $2 {[#]} (25. c5 $1 $15) 25... Qxe3 $19 26. Rxe3 Ne5 {[%cal Bc6e5,Be5g6,Bg6f4][%mdl 32]} 27. Kg1 Rgd8 28. Nh1 Ng6 29. Nf2 d5 (29... Kg7 $19 30. Nd3 Ne5) 30. cxd5 exd5 31. exd5 $2 (31. e5 $17 Re8 32. Rde1) 31... Nxd5 {Black is clearly winning.} 32. Rd3 {[#]} Ngf4 $1 33. Rd4 Nc3 34. Rxf4 Nxd1 35. Nb3 (35. Nc4 $142 Kg7 36. Nxb6) 35... Ne3 {Accuracy: White = 44%, Black = 49%.} 0-1

[Event "Timbues Open 2019"]
[Site "Timbues-Santa Fe"]
[Date "2019.11.16"]
[Round "1.2"]
[White "Pichot, Alan"]
[Black "Maglieri, Nahuel"]
[Result "1-0"]
[WhiteElo "2588"]
[BlackElo "1882"]
[Annotator "ChessBase"]
[PlyCount "49"]
[EventDate "2019.11.16"]
[EventCountry "ARG"]
[SourceTitle "playchess.com"]
[Source "ChessBase"]
[SourceQuality "1"]

1. c4 e6 2. Nf3 d5 3. d4 Nf6 4. g3 c5 5. cxd5 exd5 6. Bg2 Nc6 7. O-O h6 8. Nc3 Be6 9. Na4 Ne4 10. dxc5 Nxc5 11. Be3 Nxa4 12. Qxa4 Qd7 13. Nd4 Be7 14. Nxe6 fxe6 15. Qg4 Bf6 16. Rad1 Ne5 17. Qb4 a5 18. Qb3 O-O 19. a4 Rfc8 20. Bd4 Qc7 21. e4 Qc4 22. Qb6 Ra6 23. Qxb7 Rc7 24. Qb5 dxe4 25. Qe8+ 1-0

[Event "Timbues Open 2019"]
[Site "Timbues-Santa Fe"]
[Date "2019.11.16"]
[Round "1.3"]
[White "Luzi, Fernando"]
[Black "Tristan, Leonardo"]
[Result "0-1"]
[WhiteElo "1874"]
[BlackElo "2538"]
[Annotator "ChessBase"]
[PlyCount "52"]
[EventDate "2019.11.16"]
[EventCountry "ARG"]
[SourceTitle "playchess.com"]
[Source "ChessBase"]
[SourceQuality "1"]

1. c4 e6 2. g3 d5 3. Bg2 Nf6 4. d4 Be7 5. Nf3 O-O 6. O-O dxc4 7. Ne5 Qd6 8. Nxc4 Qa6 9. Qb3 Nc6 10. e3 b5 11. Ne5 Bb7 12. Nd3 Na5 13. Qc2 Bxg2 14. Kxg2 Rfd8 15. Bd2 b4 16. f3 c5 17. Nxc5 Bxc5 18. dxc5 Nc4 19. Bc1 Nd5 20. Re1 b3 21. Qe2 Nb4 22. Na3 Nd3 23. Rd1 Nxa3 24. Rxd3 Qxd3 25. Qxd3 Rxd3 26. bxa3 b2 0-1

[Event "Timbues Open 2019"]
[Site "Timbues-Santa Fe"]
[Date "2019.11.15"]
[Round "1.5"]
[White "Fernandez Diaz, Cristian"]
[Black "Acosta, Pablo Ismael"]
[Result "0-1"]
[WhiteElo "2376"]
[BlackElo "2433"]
[Annotator "NA"]
[PlyCount "40"]
[EventDate "2019.11.16"]
[EventRounds "7"]
[EventCountry "ARG"]
[SourceTitle "playchess.com"]
[Source "ChessBase"]
[SourceQuality "1"]

1. e4 e6 2. d4 d5 3. Nd2 c5 4. c3 Nc6 5. Bd3 cxd4 6. cxd4 Nxd4 7. Ngf3 Nxf3+ 8. Nxf3 dxe4 9. Bb5+ Bd7 10. Bxd7+ Qxd7 11. Qxd7+ Kxd7 12. Ne5+ Ke8 13. O-O Rc8 14. b3 f6 15. Nc4 b5 16. Ne3 Bc5 17. Rd1 Ne7 18. Bb2 Bxe3 19. fxe3 Nd5 20. Kf2 Rc2+ 0-1

[Event "Timbues Open 2019"]
[Site "Timbues-Santa Fe"]
[Date "2019.11.15"]
[Round "1.6"]
[White "Perez, Maximiliano"]
[Black "Jesse, Jose"]
[Result "1-0"]
[WhiteElo "2418"]
[BlackElo "1863"]
[Annotator "NA"]
[PlyCount "99"]
[EventDate "2019.11.16"]
[EventRounds "7"]
[EventCountry "ARG"]
[SourceTitle "playchess.com"]
[Source "ChessBase"]
[SourceQuality "1"]

1. e4 d5 2. exd5 Qxd5 3. Nc3 Qa5 4. d4 c6 5. a3 Nf6 6. Bd3 Bg4 7. f3 Bh5 8. Nge2 Bg6 9. b4 Qd8 10. Ne4 Nxe4 11. fxe4 e5 12. c3 Bd6 13. O-O O-O 14. Be3 Nd7 15. Qc2 Qe7 16. Rae1 a5 17. Bf2 axb4 18. axb4 Qe6 19. b5 Qa2 20. bxc6 bxc6 21. Ng3 Rfb8 22. Rb1 Qa5 23. Nf5 Bf8 24. Ne3 f6 25. Nc4 Qc7 26. Bg3 Bd6 27. Rxb8+ Rxb8 28. Rb1 Bf7 29. Rxb8+ Qxb8 30. Qa4 Qc7 31. Qa8+ Bf8 32. h3 g6 33. Qa6 Kg7 34. Na5 Nb8 35. Qa8 Bd6 36. Nb7 Be6 37. Kh2 h5 38. h4 Bc8 39. Nxd6 Qxd6 40. Qa5 Be6 41. Be2 Nd7 42. Qd8 Qa3 43. Qc7 Qa4 44. dxe5 Qxe4 45. exf6+ Kxf6 46. Bf3 Qc4 47. Qd8+ Kf7 48. Bd6 Qb3 49. Bxc6 Nb6 50. Qf8# 1-0

[Event "Timbues Open 2019"]
[Site "Timbues-Santa Fe"]
[Date "2019.11.15"]
[Round "1.7"]
[White "Fiorito, Francisco"]
[Black "Sorin, Ariel"]
[Result "0-1"]
[WhiteElo "1746"]
[BlackElo "2401"]
[Annotator "NA"]
[PlyCount "74"]
[EventDate "2019.11.16"]
[EventRounds "7"]
[EventCountry "ARG"]
[SourceTitle "playchess.com"]
[Source "ChessBase"]
[SourceQuality "1"]

1. e4 e5 2. Nf3 Nc6 3. Nc3 Nf6 4. d4 exd4 5. Nxd4 Bc5 6. Nxc6 bxc6 7. Bd3 d6 8. h3 Nd7 9. Qg4 Qf6 10. Qf4 Qg6 11. Qg4 Ne5 12. Qxg6 hxg6 13. O-O Rb8 14. Rb1 Be6 15. a3 Nxd3 16. cxd3 Bb3 17. Re1 Bc2 18. Ra1 Bxd3 19. Be3 Bxe3 20. Rxe3 Bc4 21. b4 Kd7 22. Rd1 a5 23. bxa5 Rb3 24. Rd4 Be6 25. Nd1 Ra8 26. Rxb3 Bxb3 27. Nb2 Rxa5 28. a4 c5 29. Rd3 c4 30. Rc3 Rc5 31. a5 Kc6 32. a6 Kb6 33. Nd3 Rb5 34. Nb2 Rb4 35. Kf1 Kxa6 36. Ke2 Kb5 37. Ke3 Ba2 0-1

[Event "Timbues Open 2019"]
[Site "Timbues-Santa Fe"]
[Date "2019.11.15"]
[Round "1.8"]
[White "Pierrot, Facundo"]
[Black "Dalmas Muzi, Juan"]
[Result "1-0"]
[WhiteElo "2400"]
[BlackElo "1853"]
[Annotator "NA"]
[PlyCount "35"]
[EventDate "2019.11.16"]
[EventRounds "7"]
[EventCountry "ARG"]
[SourceTitle "playchess.com"]
[Source "ChessBase"]
[SourceQuality "1"]

1. d4 Nf6 2. Bg5 d5 3. Bxf6 exf6 4. e3 Bd6 5. c4 c6 6. Nc3 dxc4 7. Bxc4 O-O 8. Nf3 Be6 9. Bxe6 fxe6 10. Qb3 Qe7 11. O-O Kh8 12. Ne4 Rd8 13. Nfd2 Na6 14. f4 Rac8 15. Nxd6 Rxd6 16. Rac1 Rd5 17. Ne4 Rb5 18. Qxb5 1-0

[Event "Timbues Open 2019"]
[Site "Timbues-Santa Fe"]
[Date "2019.11.15"]
[Round "1.9"]
[White "Bank, Valeria"]
[Black "Di Giannantonio, Nino"]
[Result "0-1"]
[WhiteElo "1802"]
[BlackElo "2395"]
[Annotator "NA"]
[PlyCount "56"]
[EventDate "2019.11.16"]
[EventRounds "7"]
[EventCountry "ARG"]
[SourceTitle "playchess.com"]
[Source "ChessBase"]
[SourceQuality "1"]

1. e4 e5 2. Nf3 Nc6 3. Bb5 a6 4. Ba4 Nf6 5. d3 d6 6. c3 g6 7. O-O Bg7 8. Re1 O-O 9. Nbd2 Nd7 10. Nf1 Nc5 11. Bc2 Ne6 12. Ng3 d5 13. a4 a5 14. h3 h6 15. Bb3 d4 16. Nh2 Qd6 17. Ng4 Kh7 18. Qf3 Nc5 19. Bd5 f5 20. exf5 gxf5 21. Bxc6 bxc6 22. Nh2 dxc3 23. bxc3 Nxd3 24. Rd1 e4 25. Qh5 Bxc3 26. Ba3 c5 27. Rac1 Bd4 28. Rc2 Qxg3 0-1

[Event "Timbues Open 2019"]
[Site "Timbues-Santa Fe"]
[Date "2019.11.15"]
[Round "1.10"]
[White "Della Morte, German"]
[Black "Zaruski, Julio"]
[Result "1-0"]
[WhiteElo "2361"]
[BlackElo "1835"]
[Annotator "NA"]
[PlyCount "75"]
[EventDate "2019.11.16"]
[EventRounds "7"]
[EventCountry "ARG"]
[SourceTitle "playchess.com"]
[Source "ChessBase"]
[SourceQuality "1"]

1. e4 c5 2. Nf3 Nc6 3. d4 cxd4 4. Nxd4 Nf6 5. Nc3 d6 6. Bg5 e6 7. Qd2 Be7 8. O-O-O h6 9. Bxf6 gxf6 10. Ndb5 a6 11. Nxd6+ Bxd6 12. Qxd6 Qxd6 13. Rxd6 Ke7 14. Rd2 Rd8 15. Rxd8 Kxd8 16. Be2 b5 17. Rd1+ Ke7 18. Rd3 Kf8 19. Rd6 Ne7 20. Rd8+ Kg7 21. a4 b4 22. Nb1 Ra7 23. Rd6 f5 24. Bd3 fxe4 25. Bxe4 Kf6 26. Nd2 Rc7 27. b3 Rc5 28. Nc4 Ng6 29. Rb6 Ne5 30. Nd6 Ng4 31. Bc6 Ke7 32. Nxc8+ Kf8 33. Na7 Ne5 34. Rxa6 Ke7 35. Nb5 Kd8 36. Be4 f5 37. Nd4 Kd7 38. Nxe6 1-0

[Event "Timbues Open 2019"]
[Site "Timbues-Santa Fe"]
[Date "2019.11.16"]
[Round "2.1"]
[White "Mareco, Sandro"]
[Black "Aguerreberry, Claudio"]
[Result "1-0"]
[WhiteElo "2637"]
[BlackElo "2178"]
[Annotator "TA"]
[PlyCount "57"]
[EventDate "2019.11.16"]
[EventCountry "ARG"]
[SourceTitle "playchess.com"]
[Source "ChessBase"]
[SourceQuality "1"]

{[%evp 19,57,59,53,6,70,39,49,48,50,62,62,53,64,46,44,41,53,0,0,-11,40,6,2,-15,26,13,12,-90,105,104,185,186,173,170,172,141,1148,1142,1114,1105]} 1. Nf3 c5 2. e4 Nc6 3. d4 cxd4 4. Nxd4 g6 5. c4 Bg7 6. Be3 Nf6 7. Nc3 O-O 8. Be2 d6 9. O-O Bd7 10. h3 Rc8 11. Nb3 {B38: Sicilian: Maroczy Bind with 5...Bg7 and 7...0-0} (11. Rc1 Qa5 12. Nb3 Qd8 13. c5 Be6 14. cxd6 Qxd6 15. Nc5 b6 16. Qxd6 exd6 17. Nxe6 fxe6 18. Rfd1 Rfd8 19. Bc4 {0-1 (58) Pavlidis,A (2564)-Pavlidis,A (2362) Rio Achaea 2018}) 11... b6 (11... Be6 $11) 12. Rc1 Ne5 13. Nd2 $1 {White is slightly better.} Bc6 14. f4 $146 ({Predecessor:} 14. b4 Qc7 15. Nd5 Qd8 16. f4 Ned7 17. Bd3 e6 18. Nc3 Qe7 {1-0 (60) Csom,I (2430)-Boronyak,A (2325) Zalakaros 1996}) 14... Ned7 15. b4 e6 16. Bf3 Qe7 17. Re1 Rfd8 18. Bf2 (18. Qe2 $14) 18... Ne8 $11 19. Bg3 Nc7 ({Better is} 19... g5 $11) 20. Nb3 Ba8 21. Qd2 d5 22. cxd5 {And now d6 would win.} Qxb4 23. d6 {[#]} (23. Bh4 $11 {remains equal.}) 23... Nc5 $2 (23... Ne8 $1 $17 {[%cal Rg7c3]} 24. Nd5 (24. e5 Bxf3 25. gxf3 Nxd6 $17 {[%mdl 64] Pin}) 24... Qxd6) 24. Nxc5 $16 Qxc5+ (24... bxc5 $16 {was necessary.} 25. e5 Bxf3) 25. Kh2 $18 {Black must now prevent d7.} Rxd6 26. Nd5 $1 $36 {[%mdl 2112] Pin. White is in control.} Qa3 27. Re3 {[%mdl 1024] White has strong compensation.} Qb2 $2 {[%mdl 8192]} (27... Rxd5 $16 28. exd5 (28. Rxa3 Rxd2 29. Rxa7 Rd7 $17) 28... Qf8) 28. Ne7+ {[%mdl 64] [#] Double Attack, Discovered Attack} Kh8 29. Qxd6 {Accuracy: White = 38%, Black = 34%.} 1-0

[Event "Timbues Open 2019"]
[Site "Timbues-Santa Fe"]
[Date "2019.11.16"]
[Round "2.2"]
[White "Vazquez, Facundo"]
[Black "Pichot, Alan"]
[Result "0-1"]
[WhiteElo "2167"]
[BlackElo "2588"]
[Annotator "ChessBase"]
[PlyCount "86"]
[EventDate "2019.11.16"]
[EventCountry "ARG"]
[SourceTitle "playchess.com"]
[Source "ChessBase"]
[SourceQuality "1"]

1. d4 Nf6 2. c4 e6 3. Nf3 d5 4. cxd5 exd5 5. Bg5 h6 6. Bh4 g5 7. Bg3 Ne4 8. Nfd2 Nxg3 9. hxg3 Bg7 10. e3 c5 11. Nb3 cxd4 12. exd4 O-O 13. Be2 Nc6 14. Nc3 f5 15. O-O g4 16. Rc1 Kh8 17. Bb5 Ne7 18. Re1 Ng6 19. Bd3 h5 20. Qd2 h4 21. Ne2 Kh7 22. Qc2 Qg5 23. Qc7 hxg3 24. Qxg3 f4 25. Qh2+ Bh6 26. Nxf4 Qxf4 27. Re7+ Kg8 28. Bxg6 Qxh2+ 29. Kxh2 Bxc1 30. Nxc1 Rf6 31. Re8+ Kg7 32. Bb1 Rxf2 33. Nd3 Rf8 34. Re7+ Kf6 35. Re5 Bf5 36. Kg3 Rae8 37. Rxf5+ Kxf5 38. Nf4+ Kg5 39. Nxd5 Rf1 40. Bc2 Rc1 41. Bb3 Re2 42. Nc3 Re3+ 43. Kf2 Rcxc3 0-1

[Event "Timbues Open 2019"]
[Site "Timbues-Santa Fe"]
[Date "2019.11.16"]
[Round "2.3"]
[White "Tristan, Leonardo"]
[Black "Mizzau, Pablo"]
[Result "1-0"]
[WhiteElo "2538"]
[BlackElo "2155"]
[Annotator "ChessBase"]
[PlyCount "47"]
[EventDate "2019.11.16"]
[EventCountry "ARG"]
[SourceTitle "playchess.com"]
[Source "ChessBase"]
[SourceQuality "1"]

1. d4 d5 2. c4 e6 3. Nc3 Nf6 4. cxd5 exd5 5. Bg5 Be7 6. e3 c6 7. Bd3 Nbd7 8. Bf4 Nb6 9. h3 Bd6 10. Nf3 Bxf4 11. exf4 Qe7+ 12. Ne5 Ne4 13. O-O O-O 14. Nxe4 dxe4 15. Bxe4 f6 16. Bxh7+ Kxh7 17. Qh5+ Kg8 18. Ng6 Qd8 19. Rfe1 Re8 20. Re3 Nd5 21. Rg3 Ne7 22. Nh4 Be6 23. Qh6 Bg4 24. Rxg4 1-0

[Event "Timbues Open 2019"]
[Site "Timbues-Santa Fe"]
[Date "2019.11.16"]
[Round "3.1"]
[White "Coppola, Claudio"]
[Black "Mareco, Sandro"]
[Result "0-1"]
[WhiteElo "2315"]
[BlackElo "2637"]
[Annotator "TA"]
[PlyCount "76"]
[EventDate "2019.11.16"]
[EventCountry "ARG"]
[SourceTitle "playchess.com"]
[Source "ChessBase"]
[SourceQuality "1"]

{[%evp 17,76,6,27,12,29,12,39,37,45,47,55,45,53,51,51,62,60,16,23,20,15,3,69,38,56,0,31,16,27,-8,-8,-6,-7,-11,0,0,0,0,0,0,0,-49,-41,-37,-23,-80,-79,-152,-146,-154,-141,-442,-432,-433,-412,-828,-1064,-1936,-1873,-29990,-29991]} 1. d4 Nf6 2. c4 g6 3. g3 Bg7 4. Bg2 c5 5. Nf3 O-O 6. O-O cxd4 7. Nxd4 Nc6 8. Nc2 d6 9. Nc3 Nd7 10. Nd5 {A38: Symmetrical English vs ...g6: 4 Bg2 Bg7 5 Nf3 Nf6} (10. Bd2 a5 11. Rc1 Nc5 12. Be3 Be6 13. Na3 Qd7 14. Qd2 Bh3 15. Rfd1 Bxg2 16. Kxg2 Qe6 17. f3 Rad8 {1-0 (51) Bindrich,F (2522)-Rasulov,V (2442) Chotowa 2010}) 10... Nc5 11. Rb1 Bf5 $146 ({Predecessor:} 11... a5 12. b3 e6 13. Nde3 Nb4 14. a3 Na2 15. Bb2 Nc3 16. Bxc3 Bxc3 17. Nd4 Bxd4 18. Qxd4 {½-½ (47) Sanchez Dengra,J (2002)-Vehi Bach,V (2362) Barbera del Valles 2012}) 12. b4 {[%cal Bb2b4,Bb4b5][%mdl 32] White is slightly better.} Na4 {[#] White must now prevent ...e6.} 13. e4 Bd7 14. Nce3 Nd4 $1 15. b5 $1 Nc5 16. Bb2 e5 17. Nc2 Nxc2 18. Qxc2 f5 19. Rbd1 Rc8 (19... f4 $11) 20. Nc3 Qe7 21. Qd2 (21. exf5 $14 Bxf5 22. Qd2) 21... Be6 22. exf5 gxf5 23. Qxd6 Qxd6 24. Rxd6 {Threatens to win with Bxb7.} e4 25. Rb1 Bxc4 26. Nd5 {[#] Ne7+ is the strong threat.} Bxd5 27. Rxd5 Bxb2 28. Rxb2 Nd3 29. Rd2 Rc1+ 30. Bf1 Kg7 $36 {[%mdl 2048] Black has the initiative.} 31. Rd7+ (31. f4 $11 {remains equal.}) 31... Rf7 $17 32. Rxf7+ (32. Rd6 $142) 32... Kxf7 {[%mdl 4096] Endgame KRB-KRN} 33. Re2 Kf6 34. g4 $2 {[%mdl 8192]} (34. a4 $17) 34... Nf4 $19 35. Re3 Nd5 36. Rh3 (36. Re2 $142 Nc3 37. Rb2) 36... f4 37. Kg2 f3+ 38. Kg1 Nf4 {Accuracy: White = 26%, Black = 68%.} 0-1

[Event "Timbues Open 2019"]
[Site "Timbues-Santa Fe"]
[Date "2019.11.16"]
[Round "3.2"]
[White "Pichot, Alan"]
[Black "Gomez, Carlos David"]
[Result "1-0"]
[WhiteElo "2588"]
[BlackElo "2315"]
[Annotator "TA"]
[PlyCount "43"]
[EventDate "2019.11.16"]
[EventCountry "ARG"]
[SourceTitle "playchess.com"]
[Source "ChessBase"]
[SourceQuality "1"]

{[%evp 9,47,39,64,59,56,36,47,19,27,25,12,8,17,0,32,24,31,29,39,32,44,16,29,30,40,31,39,0,0,0,-1,0,206,209,212,114,439,437,544,524]} 1. Nf3 Nf6 2. c4 d6 3. d4 Bg4 4. Nc3 Nbd7 5. e4 c5 (5... e5 6. d5 Nc5 7. h3 Bxf3 8. Qxf3 a5 9. g3 g6 10. h4 h5 11. Bh3 Bh6 12. Bxh6 Rxh6 13. Qe3 Rh8 14. O-O-O {1-0 (34) Postny,E (2615)-Sokolin,L (2508) St Petersburg 2018}) 6. Be2 {A53: Old Indian Defence without Nf3} cxd4 7. Qxd4 $146 ({Predecessor:} 7. Nxd4 Bxe2 8. Qxe2 g6 9. O-O Bg7 10. Be3 O-O 11. Rad1 Qc8 12. f3 Ne5 13. b3 {1-0 (39) Andreu Sin,R (2041)-Palomar Ramon,S (2022) Aragon 2009}) 7... g6 8. b3 {White is slightly better.} Bg7 9. Bb2 O-O 10. Qe3 Qb6 11. Qxb6 Nxb6 (11... axb6 {is more complex.} 12. Nd2 Nc5 13. f3 Be6 14. O-O Rfc8) 12. O-O-O a5 13. Rhe1 Rfc8 14. e5 Ne8 15. h3 Be6 16. exd6 Nxd6 17. Nd4 $36 {[%mdl 2048] White is pushing.} Bd7 18. Bf3 (18. Bf1 {feels hotter.} Kf8 19. a4 Nbxc4 20. bxc4 Nxc4 21. Kc2) 18... Nbxc4 19. bxc4 Rxc4 20. Rxe7 Bf5 $2 (20... Ba4 $1 $11 21. Nb3 Bxc3 22. Bxc3 Nf5 23. Rxb7 Rxc3+ 24. Kb2 Rac8) 21. Nxf5 $18 Nxf5 22. Rxb7 {Played: Re7xf7} 1-0

[Event "Timbues Open 2019"]
[Site "Timbues-Santa Fe"]
[Date "2019.11.16"]
[Round "3.3"]
[White "Fell, Sebastian"]
[Black "Tristan, Leonardo"]
[Result "1/2-1/2"]
[WhiteElo "2313"]
[BlackElo "2538"]
[Annotator "TA"]
[PlyCount "28"]
[EventDate "2019.11.16"]
[EventCountry "ARG"]
[SourceTitle "playchess.com"]
[Source "ChessBase"]
[SourceQuality "1"]

{[%evp 11,22,25,21,25,26,20,30,37,33,33,62,16,20]} 1. e4 c5 2. Nf3 Nc6 3. d4 cxd4 4. Nxd4 Nf6 5. Nc3 e6 6. Ndb5 Bc5 7. Nd6+ {B45: Sicilian Four Knights} (7. Bf4 O-O 8. Bc7 Qe7 9. Bd6 Bxd6 10. Qxd6 Qd8 11. O-O-O a6 12. Nd4 Ne7 13. Qg3 b5 14. e5 Nfd5 15. Nxd5 Nxd5 {½-½ (47) Nevednichy,V (2531)-Navara,D (2734) Patras 2019}) 7... Ke7 $1 8. Bf4 e5 9. Nf5+ Kf8 10. Bg5 Bb4 11. Bd3 h6 {Predecessor:} 12. Bxf6 $146 Qxf6 13. Ne3 Bxc3+ 14. bxc3 h5 {1-0 (36) Muetsch,A (2233)-Radeva,V (2218) Bratislava 2019} 1/2-1/2

[Event "Timbues Open 2019"]
[Site "Timbues-Santa Fe"]
[Date "2019.11.17"]
[Round "4.1"]
[White "Mareco, Sandro"]
[Black "Pierrot, Facundo"]
[Result "1/2-1/2"]
[WhiteElo "2637"]
[BlackElo "2400"]
[Annotator "TA"]
[PlyCount "49"]
[EventDate "2019.11.16"]
[EventCountry "ARG"]
[SourceTitle "playchess.com"]
[Source "ChessBase"]
[SourceQuality "1"]

{[%evp 24,49,42,35,55,38,65,75,74,83,85,75,107,55,58,53,68,0,7,1,0,0,0,-8,0,-6,-6,-18]} 1. d4 Nf6 2. c4 g6 3. Nf3 Bg7 4. e3 O-O 5. Be2 c5 6. d5 b5 7. cxb5 a6 8. O-O d6 9. Nc3 axb5 10. Bxb5 Ba6 11. Bxa6 Rxa6 12. Bd2 Nbd7 13. e4 Qa8 {A58: Benko/Volga Gambit: Lines with 5 bxa6} 14. b3 $146 ({Predecessor:} 14. Rc1 Rb8 15. Rc2 Ne8 16. Re1 Nc7 17. a3 Rab6 18. Bc1 Nb5 19. Nxb5 Rxb5 20. Ree2 Qa4 21. b4 {1-0 (37) Gomez Esteban,J (2460)-Andres Gonzalez,I (2260) Spain 2004}) 14... Rb8 15. Rb1 Ne8 {White is better.} 16. a4 Nc7 17. Qc2 Qb7 18. Na2 (18. Ne2 $16) 18... e6 $14 19. dxe6 Nxe6 20. b4 ({White should try} 20. Nc3 $14) 20... Qa8 $11 {The position is equal.} 21. a5 cxb4 $1 22. Rxb4 Re8 23. Rc4 Nec5 {[%cal Rc5e4]} 24. Re1 Nb6 25. Rb4 {Accuracy: White = 67%, Black = 77%.} 1/2-1/2

[Event "Timbues Open 2019"]
[Site "Timbues-Santa Fe"]
[Date "2019.11.17"]
[Round "4.2"]
[White "Sorin, Ariel"]
[Black "Pichot, Alan"]
[Result "0-1"]
[WhiteElo "2401"]
[BlackElo "2588"]
[Annotator "TA"]
[PlyCount "80"]
[EventDate "2019.11.16"]
[EventCountry "ARG"]
[SourceTitle "playchess.com"]
[Source "ChessBase"]
[SourceQuality "1"]

{[%evp 19,100,32,29,12,30,22,44,47,59,38,18,25,35,19,47,40,43,21,25,0,0,0,0,0,0,0,0,0,0,0,43,0,0,9,46,-18,-25,-21,0,0,0,0,0,-218,0,-8,-11,-14,383,389,376,-95,-75,-101,-85,-69,-70,-65,-35,-58,-25,-94,-27,-268,-279,-271,-183,-750,-735,-831,-470,-452,-216,-207,-202,-5543,-5152,-29981,-29982,-29979,-969,-5265,-5214]} 1. d4 Nf6 2. c4 g6 3. Nc3 Bg7 4. e4 d6 5. f3 O-O 6. Bg5 c5 7. d5 e6 8. Qd2 exd5 9. cxd5 h6 10. Be3 h5 11. Bg5 {A65: Modern Benoni: 6 e4} a6 12. a4 Nbd7 (12... Qa5 13. Ra2 Re8 14. Be2 Nh7 15. Bh6 Bh8 16. Bd1 Nd7 17. Nge2 Ne5 18. O-O Nc4 {0-1 (54) Aczel,G (2558)-Costachi,M (2471) Tasnad 2018}) 13. Nh3 {White is slightly better.} Qa5 14. Ra3 Ne5 {...Bxh3 is the strong threat.} 15. Nf2 Bd7 16. Be2 Qb4 17. O-O b5 18. Rfa1 $146 ({Predecessor:} 18. axb5 axb5 19. Nxb5 {1-0 (27) Korsus,B (2283)-Zesch,L (2320) Germany 2002}) 18... bxa4 19. Qf4 Nh7 20. Be7 {[%mdl 64] Double Attack} Rfe8 $1 {[%cal Re8e7]} 21. Bxd6 {And now Qe3 would win.} Qb6 $1 {[%cal Rb6d6]} 22. Bxe5 $1 Bxe5 23. Qd2 Rab8 24. Nxa4 Qc7 25. Nc3 (25. Rc3 $5) 25... Bxh2+ 26. Kf1 Qd8 27. Rxa6 (27. Bc4 $14) 27... Qh4 $11 28. Ra7 Nf6 29. R1a6 {Hoping for Rxf6.} Bf4 30. Qc2 $1 {Strongly threatening Rxf6!} Bc8 31. Ra5 $2 (31. Rc6 $11 {and White is okay.}) 31... Be3 $2 ({Black should try} 31... Qh2 $1 $19 {aiming for ...h4.} 32. Bb5 Rd8) 32. Ncd1 Bd4 $40 {[%mdl 128] Black has some attack.} 33. Rxc5 Ng4 $2 {[%mdl 8192]} (33... Rxb2 $11 34. Qxb2 Bxb2 35. Nxb2 Qg3) 34. fxg4 $18 hxg4 {intending ...g3.} 35. Rxc8 $2 ({Stronger than} 35. Qa4 Rxe4 36. Rc4 (36. Rxc8+ Rxc8 37. g3 Qxg3 $15) 36... Rf4 $11) ({White must play} 35. Qc4 $1 $18 {[%cal Rc4d4]} Bxc5 36. Qxc5) 35... Rbxc8 $17 36. Rc7 Rxc7 37. Qxc7 g3 $1 {[%cal Rg3f2]} 38. Nh3 $1 Qxe4 {[%csl Ge8][%cal Re4e2][%mdl 64] Double Attack} 39. Qc4 $1 Re5 40. Qc8+ {[#]} (40. d6 $11) 40... Kg7 {Played: Kg8-h7} 0-1

[Event "Timbues Open 2019"]
[Site "Timbues-Santa Fe"]
[Date "2019.11.17"]
[Round "4.3"]
[White "Fiorito, Fabian"]
[Black "Perez, Maximiliano"]
[Result "1/2-1/2"]
[WhiteElo "2355"]
[BlackElo "2418"]
[Annotator "TA"]
[PlyCount "55"]
[EventDate "2019.11.16"]
[EventCountry "ARG"]
[SourceTitle "playchess.com"]
[Source "ChessBase"]
[SourceQuality "1"]

{[%evp 20,55,-6,0,-10,-12,-6,-17,0,-9,0,-57,-32,-44,-25,-32,-11,-63,0,0,0,0,0,-27,-27,-56,-69,-93,-50,-57,0,-2,0,-49,-38,-48,0,-45]} 1. e4 c5 2. Nf3 d6 3. Bb5+ Bd7 4. Bxd7+ Qxd7 5. O-O Nc6 6. c3 Nf6 7. Re1 e6 8. d4 cxd4 9. cxd4 d5 10. e5 Ne4 11. Nc3 Nxc3 {B52: Sicilian: Moscow Variation with 3...Bd7} 12. bxc3 Be7 13. Rb1 (13. Qd3 h6 14. Rb1 Rc8 {½-½ (14) Ayats Llobera,G (2377)-Perez Mitjans,O (2377) Barcelona 2019}) 13... Rc8 $146 ({Predecessor:} 13... O-O 14. Bg5 h6 15. Bd2 Na5 16. Kh1 Nc4 17. Bf4 f6 18. exf6 Bxf6 19. Qe2 {0-1 (51) Idirisinghe,I (1436)-Oberholzer,I (1512) Khanty-Mansiysk 2016}) 14. h4 Na5 15. Bd2 ({White should try} 15. Re3 $1 $11) 15... h6 16. h5 Nc4 17. Bc1 Rc7 18. Nh2 (18. Nd2 $11) 18... Nb6 (18... O-O $15) 19. Qg4 $11 Bf8 20. Rb3 Qa4 21. Qe2 Nc4 22. Ng4 Na5 23. Rb5 b6 24. Ne3 Nc4 (24... Be7 $15) 25. Rb3 Na5 26. Rb5 Be7 27. Rb1 Nc4 28. Rb3 {Accuracy: White = 46%, Black = 37%.} 1/2-1/2